[Event "FIN Team Ch"]
[Site "Finland"]
[Date "1992.??.??"]
[Round "?"]
[White "Kujala, Auvo"]
[Black "Helenius, Martti"]
[Result "0-1"]
[WhiteElo "2285"]
[BlackElo "2255"]
[PlyCount "188"]
[EventDate "1992.??.??"]
[Source "www.chesslib.no"]
[SourceDate "2004.05.04"]

1. e4 e5 2. Nf3 Nc6 3. Bb5 a6 4. Ba4 Nf6 5. O-O Nxe4 6. Re1 Nc5 7. Nc3 Ne6 8. Nxe5 Nxe5 9. Rxe5 Bd6 10. Re1 O-O 11. d3 Nc5 12. Bb3 Nxb3 13. axb3 b6 14. Qh5 Bb7 15. Bg5 f6 16. Bh4 Rf7 17. Re2 Re7 18. Rae1 Qe8 19. Qg4 Rxe2 20. Rxe2 Qf7 21. Bg3 f5 22. Qc4 Qxc4 23. bxc4 f4 24. Bh4 f3 25. gxf3 Bxf3 26. Re3 Bh5 27. Nd5 b5 28. Bg3 Bxg3 29. Rxg3 Bd1 30. cxb5 axb5 31. Nxc7 Ra1 32. Kg2 Bxc2 33. Nxb5 Rb1 34. Nd6 Rxb2 35. Re3 Rb8 36. Kg3 h6 37. h4 Rb6 38. Nc4 Rg6+ 39. Kf4 Rf6+ 40. Kg3 Rg6+ 41. Kf3 Bd1+ 42. Kf4 Rg4+ 43. Kf5 Rxh4 44. Re8+ Kh7 45. f4 Rh5+ 46. Ke4 d5+ 47. Kd4 dxc4 48. dxc4 Rf5 49. Re1 Ba4 50. Ke3 Bc6 51. Rd1 h5 52. Rd6 Rf6 53. Rd2 Re6+ 54. Kf2 Re4 55. Kg3 Rxc4 56. Rd6 Be4 57. Kh4 Rc5 58. Re6 Bf3 59. Rd6 Rf5 60. Rd4 Kg6 61. Rd6+ Rf6 62. Rd4 Bg4 63. Rb4 Rd6 64. Rb5 Kf6 65. Rg5 Rd1 66. Rc5 Rh1+ 67. Kg3 Rh3+ 68. Kg2 Rf3 69. Rc6+ Kf5 70. Rc7 g6 71. Rf7+ Ke6 72. Rf8 Ke7 73. Rb8 Rxf4 74. Kg3 Rf5 75. Rb6 Kf7 76. Ra6 g5 77. Rb6 Rf6 78. Rb3 Rf3+ 79. Rxf3+ Bxf3 80. Kxf3 Kf6 81. Kg3 Kf5 82. Kf3 h4 83. Kg2 Kg4 84. Kh1 Kh3 85. Kg1 Kg3 86. Kh1 Kh3 87. Kg1 Kg3 88. Kh1 Kf2 89. Kh2 g4 90. Kh1 h3 91. Kh2 g3+ 92. Kh1 g2+ 93. Kh2 g1=Q+ 94. Kxh3 Qg3# 0-1

[Event "34th Olympiad Women, Istanbul TUR"]
[Site "?"]
[Date "2000.??.??"]
[Round "14"]
[White "Voronova, T."]
[Black "Vo Hong Phuong"]
[Result "1-0"]
[WhiteElo "2275"]
[BlackElo "2260"]
[PlyCount "25"]
[EventDate "2000.??.??"]
[Source "www.chesslib.no"]
[SourceDate "2004.05.04"]

1. e4 e5 2. Nf3 Nc6 3. Bb5 a6 4. Ba4 Nf6 5. O-O Nxe4 6. Re1 Nc5 7. Nc3 Nxa4 8. Nxe5 Nxe5 9. Rxe5+ Be7 10. Nd5 O-O 11. Nxe7+ Kh8 12. Qh5 d5 13. Qxh7+ 1-0

[Event "Corr"]
[Site "?"]
[Date "2001.??.??"]
[Round "?"]
[White "Cavril Stephane"]
[Black "Maiffret Patrick"]
[Result "1/2-1/2"]
[WhiteElo "2301"]
[BlackElo "2234"]
[PlyCount "54"]
[EventDate "2001.??.??"]
[Source "www.chesslib.no"]
[SourceDate "2004.05.04"]

1. e4 e5 2. Nf3 Nc6 3. Bb5 a6 4. Ba4 Nf6 5. O-O Nxe4 6. Re1 Nc5 7. Bxc6 dxc6 8. Nxe5 Be7 9. d4 Ne6 10. Qf3 O-O 11. c3 f6 12. Nd3 c5 13. dxc5 Nxc5 14. Nxc5 Bxc5 15. Bf4 c6 16. Nd2 Bf5 17. Nb3 Bb6 18. Be3 Bg6 19. Bc5 Re8 20. Rxe8+ Bxe8 21. Rd1 Qc7 22. Qe3 Rd8 23. Rd2 Bxc5 24. Nxc5 Bf7 25. Rxd8+ Qxd8 26. Qe2 b6 27. Nxa6 Bxa2 1/2-1/2

[Event "Zalakaros op 19th"]
[Site "?"]
[Date "2000.05.26"]
[Round "8"]
[White "Papp Gabor"]
[Black "Frosch Erich"]
[Result "1/2-1/2"]
[WhiteElo "2217"]
[BlackElo "2314"]
[PlyCount "100"]
[EventDate "2000.??.??"]
[Source "www.chesslib.no"]
[SourceDate "2004.05.04"]

1. e4 e5 2. Nf3 Nc6 3. Bb5 a6 4. Ba4 Nf6 5. O-O b5 6. Bb3 Nxe4 7. d4 d5 8. dxe5 Be6 9. Be3 Bc5 10. Bxc5 Nxc5 11. Nbd2 O-O 12. Re1 a5 13. a3 Nxb3 14. Nxb3 a4 15. Nbd4 Na7 16. Qe2 Qd7 17. Qd3 h6 18. Qc3 Qe7 19. Nc6 Nxc6 20. Qxc6 Rab8 21. b4 axb3 22. cxb3 Rb6 23. Qc3 c5 24. b4 Rc8 25. Rac1 Rbc6 26. bxc5 Rxc5 27. Qb4 Qa7 28. Rxc5 Rxc5 29. Nd4 Bd7 30. Rd1 Rc4 31. Qb2 Qa4 32. Nb3 b4 33. axb4 Rxb4 34. Rd3 Bb5 35. Rg3 d4 36. e6 fxe6 37. h4 e5 38. Qc2 Be8 39. Qc7 Qd7 40. Qxe5 d3 41. Qc3 d2 42. Nxd2 Rxh4 43. Qd3 Rd4 44. Qb3+ Bf7 45. Qb8+ Kh7 46. Qe5 Bg6 47. Nf3 Re4 48. Qc5 Qd1+ 49. Kh2 Qe2 50. Rh3 Kg8 1/2-1/2

[Event "HUN Team Ch"]
[Site "HUN"]
[Date "1991.??.??"]
[Round "?"]
[White "Izsak, Gyula"]
[Black "Szabo, Z."]
[Result "1/2-1/2"]
[WhiteElo "2285"]
[BlackElo "2235"]
[PlyCount "48"]
[EventDate "1991.??.??"]
[Source "www.chesslib.no"]
[SourceDate "2004.05.04"]

1. e4 e5 2. Nf3 Nc6 3. Bb5 a6 4. Ba4 Nf6 5. O-O Nxe4 6. Re1 Nc5 7. Bxc6 dxc6 8. Nxe5 Be7 9. d4 Ne6 10. c3 O-O 11. Be3 f6 12. Nd3 Rf7 13. Nd2 Nf8 14. Ne4 Ng6 15. Qd2 Nh4 16. Qc1 Nf5 17. f3 Nxe3 18. Qxe3 b6 19. Rad1 Bd7 20. Nf4 Qf8 21. Kh1 Re8 22. Qd3 f5 23. Nd2 Bd6 24. Nh3 b5 1/2-1/2

[Event "Chrudim op"]
[Site "?"]
[Date "2001.??.??"]
[Round "?"]
[White "Pokorny Zdenek"]
[Black "Kopec Mariusz"]
[Result "0-1"]
[WhiteElo "2355"]
[BlackElo "2155"]
[PlyCount "102"]
[EventDate "2001.??.??"]
[Source "www.chesslib.no"]
[SourceDate "2004.05.04"]

1. e4 e5 2. Nf3 Nc6 3. Bb5 a6 4. Ba4 Nf6 5. O-O Nxe4 6. Re1 Nc5 7. Nxe5 Nxe5 8. Rxe5+ Be7 9. Nc3 O-O 10. d4 Nxa4 11. Nxa4 d5 12. Nc3 c6 13. Qd3 Bd6 14. Re1 Qh4 15. h3 f5 16. Bd2 f4 17. Qf3 h5 18. Nxd5 Bg4 19. hxg4 hxg4 20. Qb3 cxd5 21. Qxd5+ Kh8 22. Qxd6 g3 23. Re6 Qh2+ 24. Kf1 f3 25. Rh6+ gxh6 26. Qxh6+ Qxh6 27. Bxh6 fxg2+ 28. Kxg2 Rxf2+ 29. Kxg3 Rxc2 30. b4 Kh7 31. Bf4 Kg6 32. Be5 Kf5 33. Rf1+ Ke4 34. Rf4+ Kd5 35. Rf7 b5 36. Kf3 Rd8 37. Bc7 Ke6 38. Bxd8 Kxf7 39. Ke4 Rxa2 40. Kd5 Ke8 41. Bb6 Kd7 42. Bc5 Rh2 43. Bd6 Rh6 44. Be5 Rc6 45. Bg7 a5 46. bxa5 b4 47. Bf8 b3 48. Ba3 Rc2 49. a6 b2 50. a7 b1=Q 51. a8=Q Qh1+ 0-1

[Event "POL-chT 2nd div North"]
[Site "?"]
[Date "1999.??.??"]
[Round "2"]
[White "Meczynski Waldemar"]
[Black "Cybulak Adam"]
[Result "1-0"]
[WhiteElo "2235"]
[BlackElo "2270"]
[PlyCount "35"]
[EventDate "1999.??.??"]
[Source "www.chesslib.no"]
[SourceDate "2004.05.04"]

1. e4 e5 2. Nf3 Nc6 3. Bb5 a6 4. Ba4 Nf6 5. O-O Nxe4 6. Re1 Nc5 7. Nc3 Nxa4 8. Nxe5 Be7 9. Nd5 O-O 10. Nxc6 dxc6 11. Nxe7+ Kh8 12. Nxc8 Rxc8 13. b3 Nb6 14. Bb2 Qd7 15. d3 Rce8 16. Qf3 Nc8 17. Re4 Nd6 18. Bxg7+ 1-0

[Event "New England Masters"]
[Site "Peabody USA"]
[Date "2007.08.14"]
[Round "2"]
[White "Alvarez, Fr"]
[Black "Mac Intyre, P."]
[Result "1/2-1/2"]
[WhiteElo "2200"]
[BlackElo "2304"]
[PlyCount "66"]
[EventDate "2007.08.13"]
[Source "www.chesslib.no"]
[SourceDate "2004.05.04"]

1. e4 e5 2. Nf3 Nc6 3. Bb5 a6 4. Ba4 Nf6 5. O-O Nxe4 6. Re1 Nc5 7. Bxc6 dxc6 8. Nxe5 Be7 9. d4 Ne6 10. c3 O-O 11. Be3 f6 12. Nf3 f5 13. Na3 f4 14. Bd2 Kh8 15. Qb3 Ng5 16. Nxg5 Bxg5 17. f3 b5 18. Re2 a5 19. Be1 Bf5 20. Bf2 Qd7 21. Rae1 Rae8 22. Qd1 Bf6 23. Nb1 Qf7 24. Rxe8 Rxe8 25. Nd2 Qg6 26. Rxe8+ Qxe8 27. Nb3 Qf7 28. Nxa5 Qxa2 29. Qe1 Bd7 30. b4 g5 31. Nb7 Qe6 32. Nc5 Qxe1+ 33. Bxe1 Bc8 1/2-1/2

[Event "Budapest FS03 IM-A"]
[Site "Budapest"]
[Date "2000.03.07"]
[Round "2"]
[White "Farago, Sandor"]
[Black "Sulskis, Giedrius"]
[Result "1/2-1/2"]
[WhiteElo "2271"]
[BlackElo "2223"]
[PlyCount "96"]
[EventDate "2000.03.05"]
[Source "ChessBase"]
[SourceDate "2000.05.11"]

1. e4 e5 2. Nf3 Nc6 3. Bb5 a6 4. Ba4 Nf6 5. O-O Nxe4 6. Re1 Nc5 7. Bxc6 dxc6 8. Nxe5 Be7 9. d4 Ne6 10. Be3 O-O 11. Nc3 Bd6 12. f4 Qh4 13. f5 Bxe5 14. dxe5 Rd8 15. Qf3 Nd4 16. Bxd4 Rxd4 17. e6 fxe6 18. fxe6 Qe7 19. Qf2 Rd6 20. Ne4 Rxe6 21. Ng5 Rxe1+ 22. Rxe1 Qf8 23. Qd4 b6 24. Ne4 Bf5 25. Rf1 Qc8 26. Ng5 h6 27. Qc4+ Kh8 28. Nf7+ Kh7 29. Qxc6 Bg6 30. Ne5 Qe8 31. Qxc7 Rc8 32. Qd6 Bxc2 33. Rf7 Qd8 34. Nd7 Bb1 35. h3 Bxa2 36. Qd3+ Kh8 37. Rf8+ Qxf8 38. Nxf8 Rxf8 39. Qxa6 Bd5 40. Qxb6 Rf5 41. b4 Rg5 42. g4 Kh7 43. Qd4 h5 44. Qf4 Kg6 45. Qd6+ Kf7 46. b5 hxg4 47. h4 Rf5 48. b6 Bf3 1/2-1/2

[Event "It (Open) Villa Ballester ARG"]
[Site "?"]
[Date "2006.01.13"]
[Round "7"]
[White "Fiori Hector"]
[Black "Mazziotti Irigoyen Gabriel"]
[Result "0-1"]
[WhiteElo "2180"]
[BlackElo "2311"]
[PlyCount "44"]
[EventDate "2006.??.??"]
[Source "www.chesslib.no"]
[SourceDate "2004.05.04"]

1. e4 e5 2. Nf3 Nc6 3. Bb5 a6 4. Ba4 Nf6 5. O-O Nxe4 6. Re1 Nc5 7. Nxe5 Nxe5 8. Rxe5+ Be7 9. Nc3 O-O 10. d4 Nxa4 11. Nxa4 d5 12. Nc5 b6 13. Nb3 Bd6 14. Rh5 g6 15. Rh6 Re8 16. g3 Bf5 17. g4 Bd7 18. f3 Qe7 19. Bd2 f5 20. Rh3 Qe2 21. Qxe2 Rxe2 22. Kf1 Rae8 0-1

[Event "Bad Segeberg (06.08.-12.08)"]
[Site "?"]
[Date "2002.08.12"]
[Round "7.3"]
[White "Csulits Anton"]
[Black "Brameyer Hermann"]
[Result "1/2-1/2"]
[WhiteElo "2216"]
[BlackElo "2259"]
[PlyCount "21"]
[EventDate "2002.??.??"]
[Source "www.chesslib.no"]
[SourceDate "2004.05.04"]

1. e4 e5 2. Nf3 Nc6 3. Bb5 a6 4. Ba4 Nf6 5. O-O Nxe4 6. Re1 Nc5 7. Bxc6 dxc6 8. d4 Ne6 9. dxe5 Qxd1 10. Rxd1 Nc5 11. Nbd2 1/2-1/2

[Event "CZE-chTV 0102"]
[Site "?"]
[Date "2002.??.??"]
[Round "2"]
[White "Bujnoch Radek"]
[Black "Pacovsky Jiri"]
[Result "0-1"]
[WhiteElo "2158"]
[BlackElo "2311"]
[PlyCount "58"]
[EventDate "2002.??.??"]
[Source "www.chesslib.no"]
[SourceDate "2004.05.04"]

1. e4 e5 2. Nf3 Nc6 3. Bb5 a6 4. Ba4 Nf6 5. O-O Nxe4 6. Re1 Nc5 7. Bxc6 dxc6 8. Nxe5 Be7 9. d4 Ne6 10. c3 O-O 11. Nd2 c5 12. Ndf3 cxd4 13. Nxd4 Nxd4 14. cxd4 Be6 15. Bf4 Qd5 16. Ng4 c6 17. Be5 f6 18. Bc7 Bb4 19. Re3 Qd7 20. Bb6 h5 21. Qe2 Rae8 22. d5 Bxg4 23. Qc4 Bd6 24. dxc6+ Qf7 25. Qxf7+ Kxf7 26. cxb7 Rxe3 27. Bxe3 Rb8 28. f3 Be6 29. Rd1 Bc7 0-1

[Event "8. IM ZNG111"]
[Site "?"]
[Date "2005.11.04"]
[Round "11"]
[White "Markovic Alen"]
[Black "Doric Nenad"]
[Result "1/2-1/2"]
[WhiteElo "2090"]
[BlackElo "2367"]
[PlyCount "49"]
[EventDate "2005.??.??"]
[Source "www.chesslib.no"]
[SourceDate "2004.05.04"]

1. e4 e5 2. Nf3 Nc6 3. Bb5 a6 4. Ba4 Nf6 5. O-O Nxe4 6. Re1 Nc5 7. Bxc6 dxc6 8. Nxe5 Be7 9. Nc3 Ne6 10. d3 O-O 11. Ne4 f6 12. Nc4 c5 13. a4 b6 14. Ne3 Nd4 15. c3 Nf5 16. Qf3 Nxe3 17. Bxe3 Be6 18. Qg3 Bf5 19. Bf4 Rc8 20. h4 Qd7 21. a5 b5 22. Rad1 Qc6 23. Qf3 Rfe8 24. Re3 Bf8 25. Rde1 1/2-1/2

[Event "Wuerttemberg-ch"]
[Site "Willsbach"]
[Date "1997.??.??"]
[Round "6"]
[White "Haist, Wolfgang"]
[Black "Latzke, Boris Alexander"]
[Result "1/2-1/2"]
[WhiteElo "2245"]
[BlackElo "2205"]
[PlyCount "106"]
[EventDate "1997.??.??"]
[Source "www.chesslib.no"]
[SourceDate "2004.05.04"]

1. e4 e5 2. Nf3 Nc6 3. Bb5 a6 4. Ba4 Nf6 5. O-O Nxe4 6. Re1 Nc5 7. Nc3 Be7 8. Nd5 O-O 9. Bxc6 dxc6 10. Nxe7+ Qxe7 11. d4 Ne6 12. Rxe5 f6 13. Re1 Qf7 14. Qd3 Bd7 15. Bd2 Rad8 16. Qb3 Bc8 17. Bb4 Rfe8 18. Re4 Nf8 19. Qxf7+ Kxf7 20. Rae1 Rxe4 21. Rxe4 Ng6 22. h3 Be6 23. Re1 b6 24. b3 a5 25. Ba3 a4 26. Bb2 Nf4 27. Nd2 c5 28. Nf3 c4 29. bxc4 Bxc4 30. Nd2 Bxa2 31. Ra1 Bd5 32. Rxa4 Re8 33. Ra7 Re7 34. Ba3 Rd7 35. c4 Bxg2 36. d5 Bxh3 37. Kh2 g5 38. Ra8 b5 39. Rf8+ Kg7 40. Ne4 Rf7 41. Rd8 Bf5 42. Ng3 Bg4 43. cxb5 Rd7 44. Rxd7+ Bxd7 45. d6 cxd6 46. b6 Bc6 47. Nf5+ Kf7 48. Nxd6+ Ke6 49. b7 Bxb7 50. Nxb7 h5 51. Nc5+ Kf5 52. Bb2 g4 53. Nd7 Nd3 1/2-1/2

[Event "Syre Memorial Open 26th"]
[Site "?"]
[Date "2003.05.29"]
[Round "2.11"]
[White "Karim Ismael"]
[Black "Demarre Jacques"]
[Result "1/2-1/2"]
[WhiteElo "2157"]
[BlackElo "2290"]
[PlyCount "45"]
[EventDate "2003.??.??"]
[Source "www.chesslib.no"]
[SourceDate "2004.05.04"]

1. e4 e5 2. Nf3 Nc6 3. Bb5 a6 4. Ba4 Nf6 5. O-O Nxe4 6. Re1 Nc5 7. Nc3 Be7 8. Nd5 e4 9. Bxc6 dxc6 10. Nxe7 Qxe7 11. d4 Nd7 12. Ng5 f5 13. f3 Nf6 14. fxe4 fxe4 15. Nxe4 Nxe4 16. Qf3 Rf8 17. Qxe4 Qxe4 18. Rxe4+ Kf7 19. Rf4+ Ke7 20. Rxf8 Kxf8 21. Bf4 Bf5 22. c3 Rc8 23. Re1 1/2-1/2

[Event "Thessaloniki GRE"]
[Site "?"]
[Date "1988.11.15"]
[Round "3"]
[White "Cochrane John Miles ZIM"]
[Black "Torres Luis J"]
[Result "1/2-1/2"]
[WhiteElo "2205"]
[BlackElo "2240"]
[PlyCount "69"]
[EventDate "1988.??.??"]
[Source "www.chesslib.no"]
[SourceDate "2004.05.04"]

1. e4 e5 2. Nf3 Nc6 3. Bb5 a6 4. Ba4 Nf6 5. O-O Nxe4 6. Re1 Nc5 7. Bxc6 dxc6 8. Nxe5 Be7 9. d4 Ne6 10. Nf3 O-O 11. Be3 f5 12. c3 Bd6 13. Na3 f4 14. Bd2 Ng5 15. Nc4 Bg4 16. Nce5 Nxf3+ 17. Nxf3 Kh8 18. c4 c5 19. dxc5 Bxc5 20. Bc3 Qd6 21. Qxd6 Bxd6 22. Ne5 Bf5 23. Rad1 Kg8 24. Nd3 Rfe8 25. Rxe8+ Rxe8 26. c5 Bf8 27. Nxf4 c6 28. b4 a5 29. a3 Re4 30. Rd4 Rxd4 31. Bxd4 axb4 32. axb4 Kf7 33. f3 Be7 34. Kf2 Bg5 35. g3 1/2-1/2

[Event "HUN-chT2 0203 Maroczy"]
[Site "?"]
[Date "2003.03.23"]
[Round "9"]
[White "Linczer Janos"]
[Black "Frander Leon Oliver"]
[Result "1-0"]
[WhiteElo "2250"]
[BlackElo "2194"]
[PlyCount "81"]
[EventDate "2003.??.??"]
[Source "www.chesslib.no"]
[SourceDate "2004.05.04"]

1. e4 e5 2. Nf3 Nc6 3. Bb5 a6 4. Ba4 Nf6 5. O-O Nxe4 6. Bxc6 dxc6 7. Re1 Nc5 8. Nxe5 Be7 9. d4 Ne6 10. Be3 O-O 11. f4 f6 12. Nf3 Qd6 13. Qd2 Nd8 14. Qd3 Nf7 15. Nbd2 Nh6 16. Nc4 Qd7 17. Bf2 Re8 18. Ne3 Nf5 19. Qb3+ Kf8 20. Nxf5 Qxf5 21. Bg3 Qb5 22. Qe3 Qxb2 23. Qd3 Qb5 24. Qxh7 Bf5 25. Qh8+ Kf7 26. Rxe7+ Rxe7 27. Qxa8 Bxc2 28. Qa7 Qb2 29. Re1 Rxe1+ 30. Nxe1 Be4 31. a4 Qb4 32. Bf2 a5 33. Qb8 Qxa4 34. Qxc7+ Kg8 35. Qc8+ Kh7 36. Qh3+ Kg6 37. Qg4+ Kf7 38. Qd7+ Kf8 39. Qc8+ Kf7 40. Qxb7+ Kg6 41. Qe7 1-0

[Event "Penrith"]
[Site "?"]
[Date "2003.01.10"]
[Round "11"]
[White "Jakirlic Nermin"]
[Black "Wilkins Michael"]
[Result "0-1"]
[WhiteElo "2170"]
[BlackElo "2274"]
[PlyCount "112"]
[EventDate "2003.??.??"]
[Source "www.chesslib.no"]
[SourceDate "2004.05.04"]

1. e4 e5 2. Nf3 Nc6 3. Bb5 a6 4. Ba4 Nf6 5. O-O b5 6. Bb3 Nxe4 7. d4 d5 8. c4 dxc4 9. Qe2 Nf6 10. dxe5 Nd5 11. Bc2 Be6 12. Rd1 Bc5 13. Nc3 Nce7 14. Ne4 Bb6 15. Neg5 h6 16. Nxe6 fxe6 17. Nd4 Bxd4 18. Qh5+ Kd7 19. Rxd4 Qe8 20. Qh3 g5 21. Be4 c6 22. Bd2 Qb8 23. Rd1 Qc7 24. Bc3 Rae8 25. Bxd5 Nxd5 26. Rxd5+ cxd5 27. Rxd5+ Ke7 28. Bb4+ Kf7 29. Bd6 Qa5 30. Rd1 Kg7 31. Qf3 Rhg8 32. Qf6+ Kh7 33. Bf8 Qe1+ 34. Rxe1 Rgxf8 35. Rd1 Rxf6 36. exf6 Kg6 37. Rd6 Kxf6 38. Rxa6 Rd8 39. h4 Rd1+ 40. Kh2 Rd2 41. a4 Rxb2 42. axb5 Rxb5 43. Rc6 Rb4 44. g4 Ke5 45. Kg3 Rb3+ 46. f3 Rc3 47. h5 Rc2 48. Rc7 c3 49. f4+ gxf4+ 50. Kf3 Rc1 51. Kg2 Kf6 52. Rc5 c2 53. Kh2 e5 54. Kg2 e4 55. Rf5+ Kg7 56. Rxf4 Rg1+ 0-1

[Event "BL2-O 9495"]
[Site "GER"]
[Date "1995.??.??"]
[Round "?"]
[White "Kienast, Joerg"]
[Black "Winterfeld, Dirk"]
[Result "1/2-1/2"]
[WhiteElo "2225"]
[BlackElo "2215"]
[PlyCount "83"]
[EventDate "1994.10.??"]
[Source "www.chesslib.no"]
[SourceDate "2004.05.04"]

1. e4 e5 2. Nf3 Nc6 3. Bb5 a6 4. Ba4 Nf6 5. O-O Nxe4 6. Re1 Nc5 7. Bxc6 dxc6 8. d4 Ne6 9. Nc3 exd4 10. Nxd4 Be7 11. Be3 Nxd4 12. Bxd4 O-O 13. Qe2 Bd6 14. Rad1 Qh4 15. g3 Qg4 16. f3 Qg6 17. Ne4 Be6 18. Qd2 Bd5 19. Re2 Bxe4 20. fxe4 Qe6 21. Rf1 Rad8 22. Rf5 f6 23. Qc3 Rde8 24. a3 Be5 25. Bxe5 fxe5 26. Ref2 g6 27. R5f3 Rxf3 28. Qxf3 Rd8 29. Kg2 Kg7 30. h3 c5 31. Qc3 b6 32. b4 c4 33. Qf3 Qe7 34. h4 Rf8 35. Qxf8+ Qxf8 36. Rxf8 Kxf8 37. Kf3 h5 38. Ke3 Ke7 39. Kd2 Kd6 40. Kc3 b5 41. Kb2 c5 42. c3 1/2-1/2

[Event "Mravinci"]
[Site "Mravinci"]
[Date "1993.??.??"]
[Round "?"]
[White "Bocina, Darko"]
[Black "Matkovic, Tonci"]
[Result "0-1"]
[WhiteElo "2155"]
[BlackElo "2285"]
[PlyCount "106"]
[EventDate "1993.??.??"]
[Source "www.chesslib.no"]
[SourceDate "2004.05.04"]

1. e4 e5 2. Nf3 Nc6 3. Bb5 a6 4. Ba4 Nf6 5. O-O Nxe4 6. Re1 Nc5 7. Nxe5 Nxe5 8. Rxe5+ Be7 9. Bb3 Nxb3 10. axb3 O-O 11. d4 d5 12. Bf4 Re8 13. Nc3 Be6 14. Qd2 Qd7 15. Rae1 b6 16. R5e3 Bf6 17. Ne2 c5 18. b4 c4 19. Ng3 g6 20. R3e2 Bg4 21. f3 Be6 22. Be5 Be7 23. c3 a5 24. bxa5 bxa5 25. h4 f6 26. Bf4 Bf8 27. Bh6 Bd6 28. Bf4 Bf7 29. Rxe8+ Bxe8 30. Bxd6 Qxd6 31. Kf2 Rb8 32. Re2 Bf7 33. Qh6 Rb7 34. Qc1 Kg7 35. Nf1 Be6 36. g4 Rb3 37. Qe3 Bf7 38. Ng3 Qb8 39. Qc1 a4 40. f4 Qd6 41. Kf3 Qb6 42. f5 Qxd4 43. Rd2 Qe5 44. Re2 Qd6 45. g5 a3 46. bxa3 d4 47. Ne4 Bd5 48. Qf4 Rxc3+ 49. Kg4 Bxe4 50. Rxe4 Qxf4+ 51. Kxf4 d3 52. Re7+ Kf8 53. Rxh7 d2 0-1

[Event "Sao Paulo op"]
[Site "Sao Paulo"]
[Date "2000.??.??"]
[Round "2"]
[White "Van Riemsdijk, Vinicius"]
[Black "Lee, Orlando"]
[Result "1-0"]
[WhiteElo "2160"]
[BlackElo "2280"]
[PlyCount "45"]
[EventDate "2000.??.??"]
[Source "www.chesslib.no"]
[SourceDate "2004.05.04"]

1. e4 e5 2. Nf3 Nc6 3. Bb5 a6 4. Ba4 Nf6 5. O-O Nxe4 6. Re1 Nc5 7. Bxc6 dxc6 8. Nxe5 Be7 9. d4 Ne6 10. Be3 O-O 11. f4 f5 12. c4 Bd6 13. Nc3 Re8 14. Qc2 Bxe5 15. dxe5 Rf8 16. Rad1 Qe7 17. Qf2 Bd7 18. b4 Qxb4 19. Nd5 cxd5 20. cxd5 b6 21. Qc2 Nc5 22. Bd2 Qa4 23. Qc3 1-0

[Event "Chigorin mem"]
[Site "St Petersburg"]
[Date "1999.11.10"]
[Round "9"]
[White "Manakov, Ilya"]
[Black "Vlasov, Egor"]
[Result "1/2-1/2"]
[WhiteElo "2280"]
[BlackElo "2155"]
[PlyCount "40"]
[EventDate "1999.11.02"]
[Source "ChessBase"]
[SourceDate "2000.02.01"]

1. e4 e5 2. Nf3 Nc6 3. Bb5 a6 4. Ba4 Nf6 5. O-O Nxe4 6. Re1 Nc5 7. Nc3 Nxa4 8. Nxe5 Be7 9. Nd5 O-O 10. Nxc6 dxc6 11. Nxe7+ Kh8 12. Qh5 Qd6 13. b3 Be6 14. bxa4 Qxe7 15. Bb2 Rad8 16. Re3 Rd5 17. Qe2 Qh4 18. Rg3 Rg5 19. Rxg5 Qxg5 20. Qe5 Qxe5 1/2-1/2

[Event "Sofia BUL, IIIOpen Hemus"]
[Site "?"]
[Date "2004.03.07"]
[Round "4.3"]
[White "Daskalov Emil"]
[Black "Filev Georgi"]
[Result "0-1"]
[WhiteElo "2130"]
[BlackElo "2305"]
[PlyCount "136"]
[EventDate "2004.??.??"]
[Source "www.chesslib.no"]
[SourceDate "2004.05.04"]

1. e4 e5 2. Nf3 Nc6 3. Bb5 a6 4. Ba4 Nf6 5. O-O Nxe4 6. Re1 Nc5 7. Bxc6 dxc6 8. Nxe5 Be6 9. d4 Nd7 10. Bf4 Be7 11. Nd2 O-O 12. c3 Nf6 13. Qc2 Qc8 14. Ndf3 Bf5 15. Qc1 Nd5 16. Bd2 Bf6 17. c4 Ne7 18. Bb4 Re8 19. Qf4 Ng6 20. Nxg6 Rxe1+ 21. Rxe1 hxg6 22. Ne5 a5 23. Bc3 Be6 24. b3 a4 25. Qd2 axb3 26. axb3 Ra3 27. Qd1 Bxe5 28. Rxe5 f6 29. Re3 Bf7 30. Bb4 Ra2 31. h3 Qf5 32. Be1 Rb2 33. g4 Rb1 34. Qe2 Qf4 35. Qc2 Ra1 36. Kg2 Qxd4 37. Bc3 Qd1 38. Qxd1 Rxd1 39. Re7 Rb1 40. b4 Bxc4 41. g5 Bd5+ 42. f3 Rb3 43. Re3 Kf7 44. gxf6 gxf6 45. Kf2 g5 46. Kg3 Kg6 47. f4 Rb1 48. fxg5 fxg5 49. Kf2 Rh1 50. Be5 Rb1 51. Bc3 Rc1 52. Be5 Rc4 53. Bc3 c5 54. bxc5 Rxc5 55. Bd2 b5 56. Re5 c6 57. Rxg5+ Kf6 58. h4 Rc4 59. h5 Rh4 60. Kg3 Rh1 61. Rg6+ Kf7 62. Rg5 Rg1+ 63. Kf4 Rxg5 64. Kxg5 Ke6 65. Bb4 Be4 66. Kf4 Kd5 67. Ke3 Bh7 68. Kd2 c5 0-1

[Event "Oberliga Nord N9798"]
[Site "Germany"]
[Date "1998.??.??"]
[Round "?"]
[White "Dreyer, Michael"]
[Black "Stockfleth, Ron"]
[Result "1/2-1/2"]
[WhiteElo "2210"]
[BlackElo "2220"]
[PlyCount "42"]
[EventDate "1997.10.??"]
[Source "www.chesslib.no"]
[SourceDate "2004.05.04"]

1. e4 e5 2. Nf3 Nc6 3. Bb5 a6 4. Ba4 Nf6 5. O-O Nxe4 6. Re1 Nc5 7. Bxc6 dxc6 8. Nxe5 Be7 9. d4 Ne6 10. Be3 O-O 11. Nc3 Bb4 12. a3 Bd6 13. Ne4 f5 14. Nxd6 cxd6 15. Nf3 f4 16. Bd2 Ng5 17. Nxg5 Qxg5 18. Qf3 Bg4 19. Qb3+ Kh8 20. h3 Bh5 21. f3 Rae8 1/2-1/2

[Event "Algarve"]
[Site "Algarve"]
[Date "1995.??.??"]
[Round "4"]
[White "Ramos, A."]
[Black "Tilmatine, Amar"]
[Result "1-0"]
[WhiteElo "2170"]
[BlackElo "2245"]
[PlyCount "63"]
[EventDate "1995.??.??"]
[Source "ChessBase"]

1. e4 e5 2. Nf3 Nc6 3. Bb5 a6 4. Ba4 Nf6 5. O-O Nxe4 6. Re1 Nc5 7. Bxc6 dxc6 8. Nxe5 Be7 9. d4 Ne6 10. c3 O-O 11. Na3 f6 12. Nf3 Bxa3 13. bxa3 b6 14. Qb3 Re8 15. Bf4 Kh8 16. Bg3 a5 17. a4 Qd5 18. c4 Qd7 19. d5 cxd5 20. cxd5 Nc5 21. Rxe8+ Qxe8 22. Qc4 Qf7 23. Qf4 Qxd5 24. Qxc7 Nxa4 25. Qc2 Bd7 26. Rd1 Qf7 27. h4 Rc8 28. Qd2 Bg4 29. Qf4 Bxf3 30. Qxf3 h6 31. Qg4 Qe8 32. Rd7 1-0

[Event "HUN-chT2 9596"]
[Site "HUN"]
[Date "1996.??.??"]
[Round "10"]
[White "Binder, Tamas"]
[Black "Toth, Andras"]
[Result "1/2-1/2"]
[WhiteElo "2240"]
[BlackElo "2175"]
[PlyCount "160"]
[EventDate "1995.??.??"]
[Source "www.chesslib.no"]
[SourceDate "2004.05.04"]

1. e4 e5 2. Nf3 Nc6 3. Bb5 a6 4. Ba4 Nf6 5. O-O Nxe4 6. Re1 Nc5 7. Bxc6 dxc6 8. Nxe5 Be7 9. d4 Ne6 10. Be3 O-O 11. Nc3 f6 12. Nf3 Ng5 13. Bxg5 fxg5 14. Qe2 Bd6 15. Ne4 h6 16. Qc4+ Kh8 17. Nxd6 cxd6 18. d5 c5 19. Nd2 b5 20. Qb3 Rf4 21. Ne4 Bf5 22. f3 Bxe4 23. Rxe4 Rxe4 24. fxe4 Qf6 25. Qc3 Qxc3 26. bxc3 Re8 27. Re1 g6 28. Kf2 Kg7 29. Ke3 Re7 30. Rb1 Kf6 31. Rf1+ Kg7 32. Rb1 Kf6 33. a4 Rb7 34. axb5 Rxb5 35. Rf1+ Ke7 36. e5 dxe5 37. Ke4 Rb6 38. Kxe5 h5 39. Ra1 Rf6 40. Ra5 Rf5+ 41. Ke4 Rf4+ 42. Ke3 Kd6 43. Rxa6+ Kxd5 44. Rxg6 Rg4 45. g3 Re4+ 46. Kd3 c4+ 47. Kd2 Re5 48. Rh6 g4 49. Rf6 Kc5 50. Kc1 Kd5 51. Kb2 Ke4 52. Rf4+ Kd5 53. Ka3 Re3 54. Kb4 Ke5 55. Rf2 Re4 56. Kc5 Ke6 57. Rf8 Re5+ 58. Kxc4 Ke7 59. Rf2 Kd6 60. Kb4 Kc6 61. c4 Kb6 62. c5+ Kc7 63. Rf7+ Kc6 64. Rf6+ Kc7 65. Rh6 Re2 66. Rxh5 Rxc2 67. Kb5 Rb2+ 68. Kc4 Rd2 69. Rh6 Kb7 70. Rh4 Kc6 71. Rxg4 Rc2+ 72. Kd4 Rd2+ 73. Ke5 Rxh2 74. Rc4 Re2+ 75. Kf5 Re8 76. Rd4 Kxc5 77. Rd1 Rf8+ 78. Kg4 Rg8+ 79. Kf3 Rf8+ 80. Kg2 Rg8 1/2-1/2

[Event "AUT Team Ch"]
[Site "Austria"]
[Date "1994.??.??"]
[Round "?"]
[White "Lenz, Alarich"]
[Black "Liedl, Wolfgang"]
[Result "1/2-1/2"]
[WhiteElo "2200"]
[BlackElo "2215"]
[PlyCount "35"]
[EventDate "1994.??.??"]
[Source "www.chesslib.no"]
[SourceDate "2004.05.04"]

1. e4 e5 2. Nf3 Nc6 3. Bb5 a6 4. Ba4 Nf6 5. O-O Nxe4 6. Re1 Nc5 7. Nxe5 Nxe5 8. Rxe5+ Be7 9. Nc3 Nxa4 10. Nd5 O-O 11. Nxe7+ Kh8 12. b3 d6 13. Re3 Be6 14. bxa4 Qxe7 15. d4 Qf6 16. Rg3 Rfe8 17. Be3 Qf5 18. Qd2 1/2-1/2